|
|
|
|
| LEADER |
01255nam a22002537a 4500 |
| 001 |
45721 |
| 003 |
BD-DhAAL |
| 005 |
20260503181222.0 |
| 008 |
260503t2025 bg ||||| |||| 00| 0 ben d |
| 020 |
|
|
|a 9789849984078
|
| 040 |
|
|
|a BD-DhAAL
|c BD-DhAAL
|
| 041 |
1 |
|
|a ben
|a eng
|
| 082 |
|
|
|a 342.5492023
|
| 245 |
0 |
0 |
|a বাংলাদেশের সংবিধান সংস্কার :
|b ধারণা ও বাস্তবতা /
|c সম্পাদনা কাজী জাহেদ ইকবাল ; সারা হোসেন.
|
| 246 |
|
3 |
|a Bangladesher sangbidhan sanskar :
|b dharana o bastabata
|
| 260 |
|
|
|a ঢাকা :
|b কথা প্রকাশ,
|c ২০২৫.
|
| 300 |
|
|
|a ১৩৩ পৃষ্ঠা ;
|c ২২ সে.মি.
|
| 526 |
|
|
|a BIGD
|x Nazim uddin Manager,
Admin and logistics BIGD
BRAC University.
Course Name and No.: N/A
|
| 541 |
|
|
|a Rokomri.com
|e 45721
|
| 650 |
|
0 |
|a Constitutions
|z Bangladesh.
|
| 650 |
|
0 |
|a Law
|
| 942 |
|
|
|c BK
|2 ddc
|
| 999 |
|
|
|c 47888
|d 47888
|
| 952 |
|
|
|0 0
|1 0
|2 ddc
|4 0
|6 342_549202300000000_BAN
|7 0
|9 79143
|a BIGD
|b BIGD
|d 2026-04-20
|e Rokomari.com
|g 349.00
|l 0
|o 342.5492023 BAN
|p 3050045721
|r 2026-04-20
|t 1
|v 698.00
|w 2026-04-20
|y BK
|x Requisitioned by Nazim uddin Manager, Admin and logistics BIGD, BRAC University.
|